| 000 | 00959nam a2200265 a 4500 | ||
|---|---|---|---|
| 003 | DO-SdBNP | ||
| 005 | 20220727105917.0 | ||
| 007 | ta | ||
| 008 | 220727e1996 dr a|||gr|||| 001 0cspa d | ||
| 040 |
_aDO-SdBNP _bspa _cBNPHU |
||
| 082 | 4 |
_222 _bU47a |
|
| 245 | 1 | 0 |
_aÚltimo arte. / _cTraductor, Helen Musri Fotografía, Mariano Hernández, |
| 260 |
_aSanto Domingo : _bPhoenix, _c[1996] |
||
| 300 |
_a128 p. : _bil. ; _c27 cm. |
||
| 500 | _aIncluye datos biográficos, p. 89- 95 | ||
| 546 | _aLibro en español, traducido al idioma inglés. | ||
| 585 | _3Con ocasión de la inauguración de su galería, el jueves 26 de septiembre de 1996. | ||
| 590 | _aInventariado 2022 / MF | ||
| 650 | 4 |
_981683 _aArte dominicano _vExposiciones _xCatálogos |
|
| 650 | 4 |
_962043 _aArte _xExposiciones _ySiglo XX _zRepública Dominicana |
|
| 700 |
_aMusri, Helen, _etrad. _982103 |
||
| 700 | 1 |
_959875 _aHernández, Mariano _efotogr. |
|
| 910 | _aMFeliz | ||
| 942 |
_2ddc _cLBS1 |
||
| 999 |
_c52237 _d52237 |
||